ユニデン : 円高無風の国際分業経営
Đã lưu trong:
| Tác giả chính: | |
|---|---|
| Định dạng: | Sách |
| Ngôn ngữ: | Undetermined |
| Được phát hành: |
東京
ぱる出版
1988
|
| Những chủ đề: | |
| Các nhãn: |
Thêm thẻ
Không có thẻ, Là người đầu tiên thẻ bản ghi này!
|
| Thư viện lưu trữ: | Trung tâm Học liệu Trường Đại học Cần Thơ |
|---|
| LEADER | 00589nam a2200217Ia 4500 | ||
|---|---|---|---|
| 001 | CTU_88986 | ||
| 008 | 210402s9999 xx 000 0 und d | ||
| 082 | |a 338.8 | ||
| 082 | |b S159 | ||
| 100 | |a 坂口義弘(さかぐち よしひろ) | ||
| 245 | 0 | |a ユニデン : | |
| 245 | 0 | |b 円高無風の国際分業経営 | |
| 245 | 0 | |c 坂口義弘 | |
| 260 | |a 東京 | ||
| 260 | |b ぱる出版 | ||
| 260 | |c 1988 | ||
| 650 | |a Corporations,Corporations | ||
| 650 | |x Uniden | ||
| 650 | |z Japan | ||
| 904 | |i Ngoc | ||
| 980 | |a Trung tâm Học liệu Trường Đại học Cần Thơ | ||